Polymers and resins : their chemistry and chemical engineering.

Bibliographic Details
Main Author: Golding, Brage
Format: Book
Language:English
Published: Princeton, N.J. : Van Nostrand, [1959]
Subjects:

MARC

Tag First Indicator Second Indicator Subfields
LEADER 00000cam a2200000 4500
001 in00000094620
005 20150927110516.0
008 730228s1959 eng u
010 |a  59008412  
035 |a (OCoLC)00565903 
035 |9 AAL6490AM 
040 |c WSU  |d TXA  |d UtOrBLW 
049 |a TXAM  |c [411031] 
090 |a TP156.P6  |b G6 
100 1 |a Golding, Brage. 
245 1 0 |a Polymers and resins :  |b their chemistry and chemical engineering. 
264 1 |a Princeton, N.J. :  |b Van Nostrand,  |c [1959] 
300 |a 744 pages 
336 |a text  |b txt  |2 rdacontent 
337 |a unmediated  |b n  |2 rdamedia 
338 |a volume  |b nc  |2 rdacarrier 
504 |a Includes bibliography. 
650 0 |a Polymerization. 
650 0 |a Polymers. 
999 |a MARS 
999 f f |s 7ee101eb-46d9-30d9-8dc1-dda24421e907  |i b99d60b1-f045-3d7b-90fb-4568bc26af59  |t 0 
952 f f |p normal  |a Texas A&M University  |b College Station  |c Sterling C. Evans Library  |d Evans: Library Stacks  |t 0  |e TP156.P6 G6  |h Library of Congress classification  |i unmediated -- volume  |m A14805599548 
998 f f |a TP156.P6 G6  |t 0  |l Evans: Library Stacks